Amazing oversight: Total participation for productivity (Record no. 34730)

MARC details
000 -LEADER
fixed length control field 00328nam a2200121Ia 4500
082 ## - DEWEY DECIMAL CLASSIFICATION NUMBER
Classification number 658.5
Item number GRA
245 #0 - TITLE STATEMENT
Title Amazing oversight: Total participation for productivity
260 ## - PUBLICATION, DISTRIBUTION, ETC. (IMPRINT)
Place of publication New York
Name of publisher Amacom
Year of publication 1979
700 ## - ADDED ENTRY--PERSONAL NAME
Personal name Graham, Ben S
700 ## - ADDED ENTRY--PERSONAL NAME
Personal name Titus, Parvin S
942 ## - ADDED ENTRY ELEMENTS (KOHA)
Koha item type Books
Holdings
Withdrawn status Lost status Damaged status Not for loan Home library Current library Date acquired Cost, normal purchase price Full call number Accession Number Koha item type
        RRII Library RRII Library 16/12/2021 17.95 658.5 GRA 15158 Books